Investigación y desarrollo del curriculum /

Guardado en:
Autor Principal: Stenhouse Lawrence
Formato: Libro
Publicado: Madrid : Morata, 1987
Edición:2
Series:Pedagog¡a, La pedagog¡a de hoy
Materias:
Etiquetas: Agregar Etiqueta
Sin Etiquetas, Sea el primero en etiquetar este registro!
LEADER 00529nam a22001935a 4500
001 CEM.cems006069
005 20060214000000.0
008 130507s1987##################000#0#####d
003 CEMS
082 0 4 |a 379.15 
100 1 |a Stenhouse Lawrence 
245 1 0 |a Investigación y desarrollo del curriculum / 
250 |a 2 
260 |a Madrid :  |b Morata,  |c 1987 
300 |a 319 
490 0 |a Pedagog¡a, La pedagog¡a de hoy 
653 |a Curriculum 
653 |a Educacion 
859 |a CEMS  |b BIB. CEMS - 11 de abril  |h 379.15  |i St42a2  |p 16195.91  |t Ej.1